Catalogue de la Bibliothèque de l'ENSA

Physiological systems in insects (notice nᵒ 23753)

détails MARC
000 -LEADER
fixed length control field 00496nam a2200181Ia 4500
005 - DATE AND TIME OF LATEST TRANSACTION
control field 20180226052714.0
037 ## - SOURCE D'ACQUISITION
Cote BC_686 51
040 ## - SOURCE DU CATALOGAGE
Origine cataloguage BC-ENSA
Langue du catalogage fre
041 ## - CODE DE LANGUE
Langue Français
100 ## - VEDETTE PRINCIPALE - AUTEUR PRINCIPAL
Auteur KLOWDEN, Marc J.
245 ## - MENTION DU TITRE
Titre Physiological systems in insects
250 ## - MENTION D'ÉDITION
Mention d'édition 2éme éd.
260 ## - PUBLICATION, DIFFUSION, ETC. (ADRESSE BIBLIOGRAPHIQUE)
Nom de l'éditeur Elsevier
Lieu d'édition Amsterdam
Année d'édition 2007
300 ## - DESCRIPTION MATÉRIELLE
Illustration ill. en coul.
Format 24 cm
562 ## - NOTE D'IDENTIFICATION DES EXEMPLAIRES ET VERSIONS
Numbre d' exemplaire 01 exemplaire(s)
942 ## - ADDED ENTRY ELEMENTS (KOHA)
Type document Ouvrage
653 ## - DESCRIPTEUR LIBRE
Mots clés libres INSECTE/PHYSIOLOGIE ANIMALE/HORMONE D’INVERTÉBRÉ/PEPTIDE
Exemplaires
statut de retrait Statut emplacement permanent Localisation actuelle Cote code à barre Koha type d'élément
    Bibliothèque Centrale Bibliothèque Centrale BC_686 51 BC_686 51 Ouvrage

Adresse: Ecole Nationale Supérieure Agronomique Hassen Badi - El Harrach Alger, Algérie

Tél +213 (0) 23 82 85 07+213 (0) 23 82 85 12 Fax +213 23 82 85 03/04 Courriel: bibliotheque@edu.ensa.dz